Bilecik Bilecik Bilecik Bilecik Bilecik

Cinsiyetler arası gelir eşitsizliğini gidermede mikro kredi uygulamalarının etkinliği: Bilecik ili örneği/ (Record no. 64558)

MARC details
000 -BAŞLIK
Sabit Uzunluktaki Kontrol Alanı 01341nam a22003377a 4500
001 - KONTROL NUMARASI
Control Dosyası T0000007
003 - KONTROL NUMARASI KİMLİĞİ
Kontrol Alanı KOHA_MİRAKIL
005 - EN SON İŞLEM TARİHİ ve ZAMANI
Kontrol Alanı 20260207004503.0
007 - FİZİKSEL TANIM SABİT ALAN - GENEL BİLGİ
Sabit uzunluklu kontrol alanı ta
008 - SABİT UZUNLUKTAKİ VERİ ÖGELERİ - GENEL BİLGİ
Sabit Alan 190402b2011 xx |||grm|||#0|||0|tur |
040 ## - KATALOGLAMA KAYNAĞI
Özgün Kataloglama Kurumu TR-BiSEU
Kataloglama Dili tur
Çeviri Kurumu TR-BiSEU
Açıklama Kuralları rda
041 0# - DİL KODU
Metin ya da ses kaydının dil kodu tur
050 00 - SINIFLAMA ve YER NUMARASI
Sınıflama Numarası Tez
Yer Numarası 7
100 1# - KİŞİ ADI
Yazar Adı (Kişi adı) Akkul, Refiye.
245 1# - ESER ADI BİLDİRİMİ
Başlık Cinsiyetler arası gelir eşitsizliğini gidermede mikro kredi uygulamalarının etkinliği: Bilecik ili örneği/
Sorumluluk Bildirimi Refiye Akkul ; Refiye Akkul; danışman Necati Çiftçi.
264 #1 - ÜRERİM, YAYIN, DAĞITIM ve TELİF BİLDİRİMİ
Yayın yeri Bilecik :
Yayınlayan Bilecik Üniversitesi
Yayın tarihi 2011
300 ## - FİZİKSEL TANIMLAMA
Sayfa, Cilt vb. XVII, 145 sayfa: tablo, resimli; 30 cm.+1 CD-ROM
336 ## - İÇERİK TÜRÜ
Content type term metin
Content type code txt
Source rdacontent
337 ## - MEDYA TÜRÜ
Media type term aracısız
Media type code n
Source rdamedia
338 ## - TAŞIYICI TÜRÜ
Carrier type term cilt
Carrier type code nc
Source rdacarrier
500 ## - GENEL NOT
Genel Not Ref. No: 404517
500 ## - GENEL NOT
Genel Not Kaynakça var.
500 ## - GENEL NOT
Genel Not İngilizce Eser Adı: Efficiency of micro credit practices on resolving income inequality between sexes: the case of Bilecik
502 ## - TEZ NOTU
Tez Notu Tez (Yüksek Lisans) -- Bilecik Üniversitesi Sosyal Bilimler Enstitüsü İktisat Anabilim Dalı, Bilecik, .
650 #0 - KONU BAŞLIĞI EK GİRİŞ - KONU TERİMİ
Konusal terim veya coğrafi ad Kadın yoksulluğu.
9 (RLIN) 118789
650 #0 - KONU BAŞLIĞI EK GİRİŞ - KONU TERİMİ
Konusal terim veya coğrafi ad Cinsiyetler arası gelir eşitsizliği.
9 (RLIN) 118790
650 #0 - KONU BAŞLIĞI EK GİRİŞ - KONU TERİMİ
Konusal terim veya coğrafi ad Woman poverty.
9 (RLIN) 118791
650 #0 - KONU BAŞLIĞI EK GİRİŞ - KONU TERİMİ
Konusal terim veya coğrafi ad Income inequality between sexes.
9 (RLIN) 118792
856 40 - ELEKTRONİK YER ve ERİŞİM
Kaynak Tanımlayıcı (URL) <a href="http://acikkaynak.bilecik.edu.tr/xmlui/handle/11552/71">http://acikkaynak.bilecik.edu.tr/xmlui/handle/11552/71</a>
907 ## - LOCAL DATA ELEMENT G, LDG (RLIN)
a Yüksek Lisans
942 ## - EK GİRİŞ ÖGELERİ (KOHA)
Source of classification or shelving scheme Library of Congress Classification
Koha item type Thesis
Holdings
Materyal Türü Kalıcı Konum Mevcut Konum Raf Yeri Sınıflandırma Kaynağı Edinim Bilgisi Yer Numarası Demirbaş Numarası Fatura Tarihi Geri Çekilme Durumu Kayıp Durumu Hasarlı Durumu Kredi için değil Kayıt Tarih Toplam Ödünçverme Son Görülme Tarihi Son Kontrol Tarihi
Thesis Prof. Dr. Azmi Özcan Kütüphanesi Prof. Dr. Azmi Özcan Kütüphanesi Depo Library of Congress Classification Bağış Tez/7 T0000007 02/02/2026         02/04/2019   05/12/2024 05/12/2024